Statistics for Guess Countries in the Shape of a Mystery Country #4

Click here to take the quiz!

General Stats

  • This quiz has been taken 54 times
  • The average score is 39 of 53

Answers on the Map

Answers color-coded by a green-red scale on the quiz's map according to % correct below.
 

Answer Stats

Country% Correct
Germany
88%
Russia
88%
Norway
86%
Italy
83%
Spain
83%
Sweden
83%
France
81%
Niger
81%
Nigeria
81%
Poland
81%
Belarus
79%
Czech Republic
79%
Ukraine
79%
Algeria
76%
Belgium
76%
Brazil
76%
Hungary
76%
Morocco
76%
Slovakia
76%
Togo
76%
Austria
74%
Benin
74%
Ghana
74%
Latvia
74%
Liberia
74%
Libya
74%
Lithuania
74%
Luxembourg
74%
Mali
74%
Andorra
71%
Burkina Faso
71%
Denmark
71%
Estonia
71%
Guinea
71%
Ivory Coast
71%
Mauritania
71%
Romania
71%
Senegal
71%
Sierra Leone
71%
Guinea-Bissau
69%
Netherlands
69%
Peru
69%
Serbia
69%
Colombia
67%
Gambia
67%
Monaco
67%
Switzerland
67%
Tunisia
67%
Suriname
64%
Bolivia
62%
Guyana
62%
Cape Verde
57%
Paraguay
57%

Score Distribution

Percentile by Number Answered

Percent of People with Each Score

Your Score History

You have not taken this quiz